00457nam a2200169Ia 4500999001700000003000400017005001700021008004100038040000900079082001500088100003100103245003700134260005000171300000900221650002100230942003600251 c24884d24884OSt20201119112515.0190216s9999||||xx |||||||||||||| ||und|| coclc a920bNAI/V aNair, Unnikrishnan V96765 0aVallathol /cV Unnikrishnan Nair bThe Mathrubhumi Publishers, aCalicut:c1962. a446p aJeeva Charithram cBK2ddch920iNAI/Vk920mNAI/V